000
00336nam a22001457a 4500
008
210302b ||||| |||| 00| 0 eng d
020
_a
9781593183714
041
_a
eng
080
_a
82
082
_a
82
100
_a
21
101
_a
GJL
245
_a
Language the Comprehensive Literacy Curriculum
_c
Greene, J. F
942
_2
udc
_c
BK
999
_c
55425
_d
55425